000 00492nam a2200181Ia 4500
001 20690
005 20260306172824.0
008 260306t2017||||xx |||||||||||||| ||spa||
041 _aESP
082 _a343.6
_bR738I
100 _aRetamozo Linares, Alberto
_eAUT
245 0 _aLos impedimentos para contratar con el estado:
_banálisis legislativo y jurisprudencial
260 _c2017
300 _a160 páginas :
_c24 cm.
650 _aGEN
654 _aCDE
942 _cLIB
_dJUS
_fJUS
_2ddc
_n
999 _c20690
_d20690